河南省县级行政区划 - Statistics

General Stats
  • This quiz has been taken 53 times
  • The average score is 65 of 157
Answer Stats
城市 区县 % Correct
信阳市 新县
88%
郑州市 二七区
83%
郑州市 新郑市
80%
郑州市 管城回族区
78%
郑州市 金水区
78%
郑州市 登封市
78%
洛阳市 洛龙区
73%
郑州市 新密市
71%
郑州市 中牟县
68%
郑州市 荥阳市
68%
郑州市 中原区
66%
郑州市 巩义市
66%
济源市 济源市
66%
洛阳市 嵩县
63%
郑州市 上街区
61%
开封市 兰考县
61%
洛阳市 孟津区
59%
三门峡市 陕州区
59%
郑州市 惠济区
56%
洛阳市 老城区
56%
洛阳市 栾川县
56%
平顶山市 舞钢市
56%
安阳市 林州市
56%
洛阳市 西工区
54%
洛阳市 瀍河回族区
54%
平顶山市 汝州市
54%
新乡市 卫辉市
54%
洛阳市 偃师区
51%
安阳市 内黄县
51%
安阳市 滑县
51%
信阳市 光山县
51%
开封市 祥符区
49%
洛阳市 涧西区
49%
安阳市 安阳县
49%
鹤壁市 浚县
49%
鹤壁市 淇县
49%
许昌市 魏都区
49%
三门峡市 灵宝市
49%
洛阳市 汝阳县
46%
新乡市 辉县市
46%
许昌市 长葛市
46%
漯河市 舞阳县
46%
三门峡市 卢氏县
46%
驻马店市 上蔡县
46%
南阳市 桐柏县
46%
开封市 顺河回族区
44%
开封市 杞县
44%
安阳市 汤阴县
44%
新乡市 原阳县
44%
濮阳市 范县
44%
驻马店市 汝南县
44%
信阳市 潢川县
44%
开封市 尉氏县
41%
鹤壁市 淇滨区
41%
新乡市 新乡县
41%
焦作市 博爱县
41%
焦作市 沁阳市
41%
焦作市 孟州市
41%
濮阳市 台前县
41%
商丘市 民权县
41%
商丘市 睢县
41%
信阳市 息县
41%
信阳市 固始县
41%
开封市 通许县
39%
洛阳市 新安县
39%
洛阳市 伊川县
39%
新乡市 红旗区
39%
新乡市 封丘县
39%
新乡市 长垣市
39%
焦作市 武陟县
39%
濮阳市 濮阳县
39%
漯河市 源汇区
39%
三门峡市 渑池县
39%
三门峡市 义马市
39%
商丘市 睢阳区
39%
周口市 淮阳区
39%
驻马店市 新蔡县
39%
南阳市 卧龙区
39%
南阳市 邓州市
39%
信阳市 平桥区
39%
信阳市 罗山县
39%
信阳市 淮滨县
39%
平顶山市 鲁山县
37%
平顶山市 郏县
37%
鹤壁市 鹤山区
37%
焦作市 修武县
37%
濮阳市 南乐县
37%
许昌市 建安区
37%
许昌市 鄢陵县
37%
许昌市 禹州市
37%
周口市 项城市
37%
驻马店市 泌阳县
37%
南阳市 方城县
37%
南阳市 淅川县
37%
信阳市 浉河区
37%
开封市 龙亭区
34%
开封市 鼓楼区
34%
开封市 禹王台区
34%
洛阳市 宜阳县
34%
洛阳市 洛宁县
34%
平顶山市 叶县
34%
安阳市 殷都区
34%
新乡市 获嘉县
34%
新乡市 延津县
34%
漯河市 郾城区
34%
漯河市 召陵区
34%
漯河市 临颍县
34%
商丘市 虞城县
34%
周口市 扶沟县
34%
周口市 沈丘县
34%
驻马店市 驿城区
34%
驻马店市 西平县
34%
南阳市 西峡县
34%
平顶山市 宝丰县
32%
安阳市 北关区
32%
焦作市 解放区
32%
濮阳市 华龙区
32%
濮阳市 清丰县
32%
三门峡市 湖滨区
32%
商丘市 梁园区
32%
商丘市 永城市
32%
周口市 西华县
32%
驻马店市 确山县
32%
南阳市 宛城区
32%
南阳市 唐河县
32%
南阳市 新野县
32%
安阳市 文峰区
29%
新乡市 牧野区
29%
焦作市 温县
29%
商丘市 柘城县
29%
周口市 太康县
29%
周口市 鹿邑县
29%
驻马店市 正阳县
29%
驻马店市 遂平县
29%
南阳市 镇平县
29%
南阳市 内乡县
29%
南阳市 社旗县
29%
信阳市 商城县
29%
鹤壁市 山城区
27%
焦作市 中站区
27%
焦作市 马村区
27%
许昌市 襄城县
27%
商丘市 宁陵县
27%
商丘市 夏邑县
27%
驻马店市 平舆县
27%
南阳市 南召县
27%
平顶山市 新华区
24%
平顶山市 卫东区
24%
平顶山市 石龙区
24%
安阳市 龙安区
24%
新乡市 卫滨区
24%
新乡市 凤泉区
24%
焦作市 山阳区
24%
周口市 商水县
24%
平顶山市 湛河区
22%
周口市 川汇区
22%
周口市 郸城县
22%
No matching quizzes found
Score Distribution
Percent of People with Each Score
Percentile by Number Answered
Your Score History
You have not taken this quiz